<?xml version="1.0" encoding="UTF-8"?><?xml-stylesheet type="text/xsl" href="static/style.xsl"?><OAI-PMH xmlns="http://www.openarchives.org/OAI/2.0/" xmlns:xsi="http://www.w3.org/2001/XMLSchema-instance" xsi:schemaLocation="http://www.openarchives.org/OAI/2.0/ http://www.openarchives.org/OAI/2.0/OAI-PMH.xsd"><responseDate>2026-04-28T19:50:02Z</responseDate><request verb="GetRecord" identifier="oai:uvadoc.uva.es:10324/43859" metadataPrefix="marc">https://uvadoc.uva.es/oai/request</request><GetRecord><record><header><identifier>oai:uvadoc.uva.es:10324/43859</identifier><datestamp>2021-06-23T11:45:58Z</datestamp><setSpec>com_10324_1182</setSpec><setSpec>com_10324_931</setSpec><setSpec>com_10324_894</setSpec><setSpec>col_10324_1392</setSpec></header><metadata><record xmlns="http://www.loc.gov/MARC21/slim" xmlns:doc="http://www.lyncode.com/xoai" xmlns:xsi="http://www.w3.org/2001/XMLSchema-instance" xmlns:dcterms="http://purl.org/dc/terms/" xsi:schemaLocation="http://www.loc.gov/MARC21/slim http://www.loc.gov/standards/marcxml/schema/MARC21slim.xsd">
<leader>00925njm 22002777a 4500</leader>
<datafield tag="042" ind1=" " ind2=" ">
<subfield code="a">dc</subfield>
</datafield>
<datafield tag="720" ind1=" " ind2=" ">
<subfield code="a">Herrero Jiménez, Mauricio</subfield>
<subfield code="e">author</subfield>
</datafield>
<datafield tag="260" ind1=" " ind2=" ">
<subfield code="c">2020</subfield>
</datafield>
<datafield tag="520" ind1=" " ind2=" ">
<subfield code="a">En este trabajo damos noticia del hallazgo en el Archivo de la Real Chancillería de Valladolid del registro notarial escrito en 1334 y 1335 por Gonzalo Pérez, escribano público de Castrillo-Tejeriego (Valladolid). Se presentó en 1520 en la Chancillería de Valladolid porque era testimonio de la firmeza y legalidad que proporcionó el notario al registro en el primer tercio del siglo XIV. El registro notarial de Gonzalo Pérez de Castrillo-Tejeriego es el más antiguo de los registros conocidos de Castilla.</subfield>
</datafield>
<datafield tag="024" ind2=" " ind1="8">
<subfield code="a">Historia. Instituciones. Documentos, 47, 2020, pg. 235-254</subfield>
</datafield>
<datafield tag="024" ind2=" " ind1="8">
<subfield code="a">2253-8291</subfield>
</datafield>
<datafield tag="024" ind2=" " ind1="8">
<subfield code="a">http://uvadoc.uva.es/handle/10324/43859</subfield>
</datafield>
<datafield tag="024" ind2=" " ind1="8">
<subfield code="a">10.12795/hid.2020.i47.09</subfield>
</datafield>
<datafield tag="024" ind2=" " ind1="8">
<subfield code="a">Historia. Instituciones. Documentos</subfield>
</datafield>
<datafield tag="024" ind2=" " ind1="8">
<subfield code="a">47</subfield>
</datafield>
<datafield tag="024" ind2=" " ind1="8">
<subfield code="a">2253-8291</subfield>
</datafield>
<datafield ind1=" " ind2=" " tag="653">
<subfield code="a">Archivo de la Real Chancillería de Valladolid</subfield>
</datafield>
<datafield ind1=" " ind2=" " tag="653">
<subfield code="a">Castilla - Siglo XIV</subfield>
</datafield>
<datafield tag="245" ind1="0" ind2="0">
<subfield code="a">Palabra de notario. El registro de Gonzalo Pérez, escribano de Castrillo Tejeriego (1334-1335).</subfield>
</datafield>
</record></metadata></record></GetRecord></OAI-PMH>